Top 15 Footballers of All Time - Statistics

General Stats
  • This quiz has been taken 53 times
  • The average score is 11 of 15
Answer Stats
Hint Answer % Correct
Portugal Cristiano Ronaldo
100%
Argentina Lionel Messi
100%
Brazil Ronaldo
98%
Brazil Pelé
96%
France Zinédine Zidane
80%
Argentina Diego Maradona
78%
Netherlands Johan Cruyff
72%
Brazil Ronaldinho
70%
Hungary Ferenc Puskás
66%
Portugal Eusébio
58%
Germany Franz Beckenbauer
58%
Argentina Alfredo Di Stéfano
50%
France Michel Platini
50%
Italy Paolo Maldini
50%
Brazil Garrincha
42%
No matching quizzes found
Score Distribution
Percent of People with Each Score
Percentile by Number Answered
Your Score History
You have not taken this quiz